| 000 | 00546nam a22001817a 4500 | ||
|---|---|---|---|
| 005 | 20231109132624.0 | ||
| 008 | 231109b |||||||| |||| 00| 0 eng d | ||
| 020 | _a0409018368 | ||
| 041 | _aEnglish | ||
| 082 | _a346.2 CHR | ||
| 100 |
_aChristie, RH _lEnglish |
||
| 245 |
_aThe Law of Contract in South Africa / _cRH Christie |
||
| 250 | _aFourth Edition | ||
| 260 |
_aDurban : _bLexisNexis Butterworths, _c2001 |
||
| 300 |
_bxiv, 793 pages ; _c25 cm. |
||
| 650 |
_aLegal practice _bLaw |
||
| 942 |
_cBK _6ALISON_BN_VRIES |
||
| 999 |
_c485 _d485 |
||